| 000 | 00665nam a22002052 4500 | ||
|---|---|---|---|
| 001 | 0000007067 | ||
| 005 | 20151217145834.0 | ||
| 008 | 071110s xx 000 0 eng d | ||
| 020 |
_a9966971009 : _cKES 290 |
||
| 040 |
_aKABU _cKABU |
||
| 100 | 1 |
_aKiruthi, Felix M. _@0000158108 |
|
| 245 | 1 | 0 |
_aVoices of freedom : _bgreat African independence speeches / _ctext by Felix M. Kiruthu. |
| 260 |
_aNairobi : _bCana, _c2001. |
||
| 300 | _a109 p. | ||
| 650 | 0 |
_aNationalists _xBiography _zAfrica. _@0000158109 |
|
| 650 | 0 |
_aNationalism _xHistory _y20th Century _zAfrica. _@0000158110 |
|
| 908 | _a071110 | ||
| 950 | _@1 | ||
| 999 |
_c3149 _d3149 |
||